01384nam a2200349 a 4500001001200000003000800012006001900020007001500039008004100054010001700095020001800112020002700130040002100157035002100178050002600199082001600225100002100241245010700262260005600369300003000425490003900455500005800494504005100552533015200603650002600755650002200781655002900803710001700832830004000849856012600889999001901015ebr10482129CaPaEBRm u cr cn|||||||||101220s2011 cauab sb 001 0 eng d z 2010048821 z9780520270084 z9780520950597 (e-book) aCaPaEBRcCaPaEBR a(OCoLC)74742835714aQL696.S83bF67 2011eb04a598.9/72221 aForsman, Eric D.10aPopulation demography of northern spotted owlsh[electronic resource] /cEric D. Forsman ... [et al.]. aBerkeley :bUniversity of California Press,cc2011. axii, 106 p. :bill., map.1 aStudies in avian biology ;vno. 40 a"A Publication of the Cooper Ornithological Society." aIncludes bibliographical references and index. aElectronic reproduction.bPalo Alto, Calif. :cebrary,d2013.nAvailable via World Wide Web.nAccess may be limited to ebrary affiliated libraries. 0aNorthern spotted owl. 0aBird populations. 7aElectronic books.2local2 aebrary, Inc. 0aStudies in avian biology ;vno. 40.40uhttp://site.ebrary.com/lib/rucke/Doc?id=10482129zAn electronic book accessible through the World Wide Web; click to view c121601d121601